| 000 | 00566nam a2200229Ia 4500 | ||
|---|---|---|---|
| 003 | OSt | ||
| 005 | 20221005123815.0 | ||
| 006 | a|||||r|||| 00| 0 | ||
| 007 | ta | ||
| 008 | 221004b |||||||| |||| 00| 0 tam d | ||
| 024 | _a52330 | ||
| 037 | _cTextual | ||
| 040 |
_aCRL _cCRL _btam |
||
| 041 |
_2tam _atam |
||
| 082 | _aV435,1, 31K8 | ||
| 100 |
_aRamasubbiah Au. _9634247 |
||
| 245 | 0 | _aMalaka mannargalvaralaru | |
| 260 | _c1968 | ||
| 650 | _aHISTORY | ||
| 942 |
_hV435,1, 31K8 _cTEXL _2cc |
||
| 999 |
_c1048537 _d1048537 |
||